| 000 | 02430 a2200337 4500 | ||
|---|---|---|---|
| 999 |
_c200421805 _d38925 |
||
| 001 | 200421805 | ||
| 003 | TR-AnTOB | ||
| 005 | 20230420001255.0 | ||
| 008 | 150414b tu 000 0 | ||
| 020 | _a9789751737380 | ||
| 040 |
_aTR-AnTOB _btur _erda _cTR-AnTOB |
||
| 041 | 0 | _atur | |
| 050 | 0 | 0 |
_aB751.I26 _bM48 2014 |
| 090 | _aB751. I26 M48 2014 | ||
| 100 | 1 |
_aİbn-i Sina, _d980-1037 _983734 |
|
| 245 | 1 | 0 |
_aMetafizik : _bKitabü’ş-Şifa, İlahiyât / _cİbn Sina. |
| 264 |
_aİstanbul: _bTürkiye Yazma Eserler Kurumu Başkanlığı, _c2014 |
||
| 300 |
_a2 c. ; _c24 cm. |
||
| 336 |
_atext _2rdacontent _btxt |
||
| 337 |
_aunmediated _2rdamedia _bn |
||
| 338 |
_avolume _2rdacarrier _bnc |
||
| 490 | 0 |
_aTürkiye Yazma Eserler Kurumu Başkanlığı yayınları ; _v35 _aBilim ve Felsefe serisi ; _v14 _aFatih Kitaplığı dizisi ; _v3 |
|
| 520 | _aMetafizik, bütün ilimlerin ilkelerini temellendirmesi ve Gerçek Varlık hakkında bilgi vermesi bakımından felsefî ilimlerin zirvesinde bulunur. Platon ve Aristo’dan İslam dünyasına aktarılan ve Kîndî, Fârâbî, İbn Sînâ, Gazzâlî, İbn Rüşd gibi filozoflar tarafından geliştirilerek Batıya aktarılan felsefi ilimler, teorik düşüncenin hem kaynağı hem de meyvesi olması bakımından metafizik etrafında şekillenir. Bu bakımdan metafizik, değişime konu olmayan gerçek varlıklar hakkında bilgi veren ilim olarak kabul edilmiştir. İbn Sînâ, yüzyıllar boyunca doğu ve batıda kendisinden önceki bütün filozofları gölgeleyecek kadar etkili olan Şifâ külliyatında felsefî ilimleri derlemiş ve tenkit süzgecinden geçirmiştir. Kuşkusuz bu külliyatın en önemli eseri varlık olmak bakımından varlığı inceleyen metafiziktir. Günümüze kadar üst düzey metafizik araştırmalarının en önemli kaynaklarından biri olan bu eser, Fatih Sultan Mehmed’in mütalaası için istinsah edilmiş metinle birlikte Fatih Kitaplığı Dizisi kapsamında neşredilmiştir. Doç. Dr. Ekrem Demirli ve Doç. Dr. Ömer Türker tarafından Türkçeye çevrilen eserin çeviri ve tıpkıbasımında Tire Necip Paşa Kütüphanesi, 446 numarada kayıtlı yazma esas alınmıştır. | ||
| 600 | 0 | 7 |
_aİbn-i Sina, _d980-1037 _983734 |
| 650 | 0 | 0 |
_aMetaphysics _940114 |
| 650 | 0 | 0 |
_aMetafizik _9124868 |
| 650 | 0 | 7 |
_aİslam felsefesi _2etuturkob _9101812 |
| 650 | 0 | 0 |
_aIslamic philosophy _xHistory _9122624 |
| 942 |
_cBK _2lcc |
||